Les pilotes de Formule 1 à leurs écuries en 2018 - Click Quiz - Statistiques

Statistiques générales
  • Ce quiz a été pris 463 fois
  • Le résultat moyen est 13 sur 20
Statistiques - réponses
Hint Réponse % Correct
Lewis Hamilton Mercedes
88%
Max Verstappen Red Bull
87%
Sebastian Vettel Ferrari
85%
Romain Grosjean Haas
81%
Valtteri Bottas Mercedes
80%
Pierre Gasly Toro Rosso
78%
Kevin Magnussen Haas
77%
Kimi Räikkonen Ferrari
73%
Sergio Perez Force India
73%
Daniel Ricciardo Red Bull
71%
Nico Hülkenberg Renault
65%
Esteban Ocon Force India
63%
Charles Leclerc Sauber
63%
Fernando Alonso McLaren
62%
Marcus Ericsson Sauber
59%
Carlos Sainz Renault
47%
Sergey Sirotkin Williams
46%
Stoffel Vandoorne McLaren
45%
Brendon Hartley Toro Rosso
45%
Lance Stroll Williams
40%
Aucun quiz correspondant
Distribution des résultats
% des personnes avec chaque résultat
Percentile par nombre de réponses
Votre historique - résultats
Vous n’avez pas pris ce quiz